=LDR 00000nam 2200000 4500 =001 INLIS000000000002335 =005 20130612090700 =008 ***********************************Ind** =035 ##$$0010-061300000002335 =041 ##$$a Ind =082 ##$$a 959.8 =090 ##$$a 959.8, ars s =100 ##$$a Arsyad,Ishaka =245 ##$$a Sekilas gedung kebangkitan nasional, olehIshaka Asyad,BA =260 ##$$a 1979 $b Jakarta =300 ##$$a 32 hlm, ilus, 21 cm =650 ##$$a Indonesia =650 ##$$a Sejarah =850 ##$$a NBPNMAT